000 00723nam a22002417i 4500
003 URS
005 20220114153020.0
008 160518b xxu||||| |||| 00| 0 eng d
020 _a9789712361685
040 _erda
_cURSP-College Library
_beng
050 _bC13m 2012
100 1 _aCalmorin, Laurentina-Paler
245 _aMathematics of Investment with Computer Application
_cCalmorin, Laurentina-Paler
264 1 _aManila
_bRex Book Store
_c2012.
300 _aix, 301pages
_c25cm
336 _atext
_btxt
_2rdacontent
337 _aunmediated
_bn
_2rdamedia
338 _avolume
_bnc
_2rdacarrier
500 _aIncludes references and index
650 0 _aMathematics.
700 1 _aMalubay, Helen A.
942 _2lcc
_cF
999 _c8010
_d8010